| 000 | 00632nam a2200205 u 4500 | ||
|---|---|---|---|
| 005 | 20220519063941.0 | ||
| 008 | 120828s2011 mx r 000 0 spa d | ||
| 020 | _a9786071606549 | ||
| 035 | _aUPN01000186367 | ||
| 049 | _aCG | ||
| 050 | 4 |
_aPQ7298.23 O4.4 _bC7.4 |
|
| 100 | 1 |
_aMolina, Alicia, _d1945- _933136 |
|
| 245 | 1 | 3 |
_aEl cristal con que se mira / _cAlicia Molina ; il. de Mercè López. |
| 260 |
_aMéxico : _bFCE, _c2011. |
||
| 300 |
_a220 p. : _bil. |
||
| 440 | 0 |
_aA la orilla del viento ; _v209 |
|
| 650 | 0 |
_aLiteratura juvenil mexicana _915848 |
|
| 650 | 4 |
_aPERSONAS CON DISCAPACIDAD - _vNOVELA _95104 |
|
| 905 | _aLibro | ||
| 999 |
_c158470 _d158470 |
||